[Event "Aurora Spring op"]
[Site "Aurora CAN"]
[Date "2017.04.02"]
[Round "5.2"]
[White "Calvelo, Jelvis"]
[Black "Ranola, Alberto"]
[Result "1-0"]
[WhiteElo "2020"]
[BlackElo "1871"]
[WhiteFideId "-1"]
[WhiteFideId "-1"]
[PlyCount "101"]
[GameId "2160767908412261"]
[EventDate "2017.04.01"]
[EventType "swiss"]
[EventRounds "5"]
[EventCountry "CAN"]
[SourceTitle "EXT 2022"]
[Source "ChessBase"]
[SourceDate "2021.10.06"]
[SourceVersion "1"]
[SourceVersionDate "2021.10.06"]
[SourceQuality "1"]

1. c4 Nf6 2. Nc3 g6 3. Nf3 Bg7 4. g3 O-O 5. Bg2 d5 6. cxd5 Nxd5 7. O-O Nc6 8. h3 Nxc3 9. bxc3 e5 10. Qc2 Bf5 11. e4 Be6 12. Rd1 Qe7 13. d4 Bc4 14. d5 Na5 15. Nd2 Ba6 16. a4 Rfe8 17. Ba3 Qd7 18. c4 b6 19. c5 Qd8 20. c6 Bf8 21. Bb2 Bd6 22. Rac1 Qe7 23. Rb1 Rf8 24. Bc3 Rab8 25. Bxa5 bxa5 26. Bf1 Bxf1 27. Kxf1 Rb4 28. Nc4 Rxb1 29. Rxb1 Bb4 30. Qd3 Rd8 31. Kg2 Kg7 32. f4 exf4 33. Qd4+ Kg8 34. gxf4 Qh4 35. Qf2 Qh5 36. Qf3 Qxf3+ 37. Kxf3 f5 38. Rd1 fxe4+ 39. Kxe4 Kf7 40. Rd3 Kf6 41. Re3 Bc5 42. Re2 Bb4 43. Kd4 Kf5 44. Re6 Kxf4 45. Rf6+ Kg5 46. Rf7 Rc8 47. Rxh7 Kf6 48. d6 cxd6 49. Kd5 g5 50. Nxd6 Bxd6 51. Kxd6 1-0

[Event "Aurora Spring op"]
[Site "Aurora CAN"]
[Date "2017.04.02"]
[Round "5.4"]
[White "Maulucci, Anthony"]
[Black "Kang, Dorian"]
[Result "1/2-1/2"]
[WhiteElo "1813"]
[BlackElo "1623"]
[WhiteFideId "-1"]
[WhiteFideId "-1"]
[PlyCount "138"]
[GameId "2160767908412263"]
[EventDate "2017.04.01"]
[EventType "swiss"]
[EventRounds "5"]
[EventCountry "CAN"]
[SourceTitle "EXT 2022"]
[Source "ChessBase"]
[SourceDate "2021.10.06"]
[SourceVersion "1"]
[SourceVersionDate "2021.10.06"]
[SourceQuality "1"]

1. d4 Nf6 2. c4 g6 3. Nc3 d5 4. cxd5 Nxd5 5. e4 Nxc3 6. bxc3 Bg7 7. Bc4 O-O 8. Ne2 Qd7 9. Be3 Nc6 10. O-O Na5 11. Bd3 b6 12. Qd2 Rd8 13. Bh6 Bh8 14. f4 e6 15. f5 exf5 16. exf5 Bb7 17. fxg6 hxg6 18. Bg5 Qg4 19. Ng3 Bxd4+ 20. cxd4 Qxd4+ 21. Kh1 Qxd3 22. Qf2 Rd7 23. Rae1 Qd5 24. Ne4 Qxe4 25. Rxe4 Bxe4 26. Bf6 g5 27. Bxg5 f5 28. Bf6 Kf7 29. Qh4 Rf8 30. Bc3 Ke8 31. Qh5+ Kd8 32. Rd1 Rxd1+ 33. Qxd1+ Kc8 34. Kg1 Nc6 35. g3 Rd8 36. Qe1 Kb7 37. h4 Nd4 38. Bxd4 Rxd4 39. h5 c5 40. h6 Rd8 41. Qa1 Rd7 42. Qh8 c4 43. Kf1 Rc7 44. h7 c3 45. Qxc3 Rxc3 46. h8=Q Rc1+ 47. Ke2 Rc2+ 48. Ke3 Rxa2 49. g4 Rc2 50. g5 Rg2 51. Qg7+ Ka6 52. g6 Bd5 53. Qf6 Kb5 54. Qxf5 Kc5 55. Qf8+ Kc6 56. g7 a5 57. Kd4 Rg4+ 58. Kd3 Rg2 59. Qf6+ Kc5 60. Qe7+ Kc6 61. Kc3 Rg3+ 62. Kc2 Rg2+ 63. Kc3 b5 64. Qe8+ Kc5 65. Qc8+ Kd6 66. Qb8+ Kc6 67. Qc8+ Kd6 68. Qd8+ Kc6 69. Qc8+ Kd6 1/2-1/2

[Event "Aurora Spring op U2000"]
[Site "Aurora CAN"]
[Date "2017.04.01"]
[Round "1.2"]
[White "Kilroy, Evan"]
[Black "Mendoza, Armand Jess"]
[Result "0-1"]
[WhiteElo "1612"]
[BlackElo "1750"]
[WhiteFideId "-1"]
[WhiteFideId "-1"]
[PlyCount "98"]
[GameId "2160767908477801"]
[EventDate "2017.04.01"]
[EventType "swiss"]
[EventRounds "5"]
[EventCountry "CAN"]
[SourceTitle "EXT 2022"]
[Source "ChessBase"]
[SourceDate "2021.10.06"]
[SourceVersion "1"]
[SourceVersionDate "2021.10.06"]
[SourceQuality "1"]

1. e4 e5 2. Nf3 Nf6 3. Nxe5 d6 4. Nf3 Nxe4 5. d4 d5 6. Bd3 Bg4 7. Bf4 Nc6 8. c3 Be7 9. O-O f5 10. Nbd2 O-O 11. Bb5 Bf6 12. h3 Bh5 13. Bxc6 bxc6 14. Qa4 g5 15. Be5 Bxe5 16. dxe5 Be8 17. Qa6 g4 18. hxg4 Nxd2 19. Nxd2 fxg4 20. Qe2 Qh4 21. Qe3 Rf5 22. Qg3 Qxg3 23. fxg3 Rxe5 24. Rf2 Bg6 25. Nb3 Rae8 26. Nd4 c5 27. Nb5 Re1+ 28. Rxe1 Rxe1+ 29. Kh2 a6 30. Nxc7 d4 31. Nxa6 d3 32. Nxc5 Re2 33. Nxd3 Bxd3 34. Rxe2 Bxe2 35. Kg1 Kf7 36. Kf2 Bb5 37. Ke3 Ke6 38. b3 Ke5 39. c4 Bc6 40. b4 Bxg2 41. a4 Bf1 42. c5 Kd5 43. Kf4 Be2 44. Ke3 Bf3 45. Kd3 Bd1 46. a5 Kc6 47. Ke4 Kb5 48. Kf4 Kxb4 49. a6 Kxc5 0-1

[Event "Aurora Spring op U2000"]
[Site "Aurora CAN"]
[Date "2017.04.01"]
[Round "1.3"]
[White "Ning, Eric"]
[Black "Onwuka, Emeka"]
[Result "1-0"]
[WhiteElo "1591"]
[BlackElo "1568"]
[WhiteFideId "-1"]
[WhiteFideId "-1"]
[PlyCount "67"]
[GameId "2160767908477802"]
[EventDate "2017.04.01"]
[EventType "swiss"]
[EventRounds "5"]
[EventCountry "CAN"]
[SourceTitle "EXT 2022"]
[Source "ChessBase"]
[SourceDate "2021.10.06"]
[SourceVersion "1"]
[SourceVersionDate "2021.10.06"]
[SourceQuality "1"]

1. d4 e6 2. c4 d6 3. Nc3 Ne7 4. Nf3 Ng6 5. h4 Bd7 6. e4 e5 7. h5 Nf4 8. dxe5 Ne6 9. exd6 Bxd6 10. e5 Be7 11. Be3 c6 12. Ne4 O-O 13. h6 g6 14. Be2 a5 15. Qb3 b6 16. Bxb6 Bb4+ 17. Qxb4 axb4 18. Bxd8 Rxd8 19. O-O c5 20. Rfd1 Ra7 21. Bf1 Nc6 22. Rd5 b3 23. a3 Kh8 24. Nxc5 Nxc5 25. Rxc5 Nb4 26. Rd1 Nc2 27. Rcd5 Kg8 28. c5 Kf8 29. c6 Bxc6 30. Rxd8+ Ke7 31. Rb8 Ba4 32. Bc4 Bc6 33. Bxb3 Bxf3 34. gxf3 1-0

[Event "Aurora Spring op U2000"]
[Site "Aurora CAN"]
[Date "2017.04.01"]
[Round "1.5"]
[White "Jiang, Brian"]
[Black "Zhao, Jeffrey Renfei"]
[Result "1-0"]
[WhiteElo "1744"]
[BlackElo "1180"]
[WhiteFideId "-1"]
[WhiteFideId "-1"]
[PlyCount "67"]
[GameId "2160767908477803"]
[EventDate "2017.04.01"]
[EventType "swiss"]
[EventRounds "5"]
[EventCountry "CAN"]
[SourceTitle "EXT 2022"]
[Source "ChessBase"]
[SourceDate "2021.10.06"]
[SourceVersion "1"]
[SourceVersionDate "2021.10.06"]
[SourceQuality "1"]

1. d4 Nf6 2. c4 g6 3. Nc3 Bg7 4. Nf3 O-O 5. Bg5 d6 6. e3 c5 7. d5 a6 8. a4 h6 9. Bh4 Qb6 10. Qc2 Bf5 11. e4 Bg4 12. Nd2 Bd7 13. a5 Qc7 14. Bd3 e5 15. O-O Nh5 16. Ne2 Nf4 17. Bg3 f5 18. Bxf4 exf4 19. exf5 Bxf5 20. Nxf4 Bxd3 21. Nxd3 Nd7 22. g3 Nf6 23. Nf4 Qf7 24. Nxg6 Rfe8 25. Rae1 Ng4 26. Nf4 Bd4 27. Ne4 Rad8 28. Ne6 Rd7 29. Qe2 Qh5 30. h4 Qf5 31. Nxd4 cxd4 32. Qxg4+ Qxg4 33. Nf6+ Kf7 34. Nxg4 1-0

[Event "Aurora Spring op U2000"]
[Site "Aurora CAN"]
[Date "2017.04.01"]
[Round "1.6"]
[White "Zhao, Jeffrey Renfei"]
[Black "Zhu, Alyssa Jiarong"]
[Result "1/2-1/2"]
[WhiteElo "1367"]
[BlackElo "1368"]
[WhiteFideId "-1"]
[WhiteFideId "-1"]
[PlyCount "69"]
[GameId "2160767908477804"]
[EventDate "2017.04.01"]
[EventType "swiss"]
[EventRounds "5"]
[EventCountry "CAN"]
[SourceTitle "EXT 2022"]
[Source "ChessBase"]
[SourceDate "2021.10.06"]
[SourceVersion "1"]
[SourceVersionDate "2021.10.06"]
[SourceQuality "1"]

1. e4 e6 2. d4 d5 3. Nc3 Nf6 4. e5 Nfd7 5. f4 c5 6. Nf3 Nc6 7. Be3 a6 8. Be2 Be7 9. O-O O-O 10. Kh1 b5 11. Qd2 Qb6 12. f5 exf5 13. Nxd5 Qd8 14. Nxe7+ Nxe7 15. d5 Bb7 16. e6 fxe6 17. dxe6 Nf6 18. Qxd8 Raxd8 19. Bxc5 Rfe8 20. Rfd1 Ned5 21. Ng5 Rc8 22. b4 Nc3 23. Rd2 Nfe4 24. Nxe4 Nxe4 25. Rd7 Bc6 26. Ra7 Nxc5 27. bxc5 Rxe6 28. Bd3 g6 29. c4 Re3 30. cxb5 Bxb5 31. Bxb5 axb5 32. Rc1 Rxc5 33. Rd1 Re8 34. h3 Rec8 35. Rdd7 1/2-1/2

[Event "Aurora Spring op U2000"]
[Site "Aurora CAN"]
[Date "2017.04.01"]
[Round "2.1"]
[White "Mendoza, Armand Jess"]
[Black "Osler, Brian"]
[Result "0-1"]
[WhiteElo "1750"]
[BlackElo "1562"]
[WhiteFideId "-1"]
[WhiteFideId "-1"]
[PlyCount "48"]
[GameId "2160767908477806"]
[EventDate "2017.04.01"]
[EventType "swiss"]
[EventRounds "5"]
[EventCountry "CAN"]
[SourceTitle "EXT 2022"]
[Source "ChessBase"]
[SourceDate "2021.10.06"]
[SourceVersion "1"]
[SourceVersionDate "2021.10.06"]
[SourceQuality "1"]

1. e4 e6 2. d4 d5 3. Nd2 Nf6 4. e5 Nfd7 5. Bd3 c5 6. c3 Nc6 7. Ne2 cxd4 8. cxd4 f6 9. Nf4 Nxd4 10. Qh5+ Ke7 11. Ng6+ hxg6 12. Qxh8 Kf7 13. exf6 Nxf6 14. O-O e5 15. Nf3 Nxf3+ 16. gxf3 Nh5 17. Kh1 e4 18. Be2 Qh4 19. Kg1 Bh3 20. f4 Bxf1 21. Bxh5 gxh5 22. Be3 Bh3 23. f3 exf3 24. Kh1 Bc5 0-1

[Event "Aurora Spring op U2000"]
[Site "Aurora CAN"]
[Date "2017.04.01"]
[Round "2.2"]
[White "Robertson, Kole"]
[Black "Ning, Eric"]
[Result "1-0"]
[WhiteElo "1642"]
[BlackElo "1591"]
[WhiteFideId "-1"]
[WhiteFideId "-1"]
[PlyCount "115"]
[GameId "2160767908477807"]
[EventDate "2017.04.01"]
[EventType "swiss"]
[EventRounds "5"]
[EventCountry "CAN"]
[SourceTitle "EXT 2022"]
[Source "ChessBase"]
[SourceDate "2021.10.06"]
[SourceVersion "1"]
[SourceVersionDate "2021.10.06"]
[SourceQuality "1"]

1. d4 Nf6 2. Nf3 g6 3. Nc3 d5 4. Bf4 a6 5. e3 Bg7 6. Be2 O-O 7. Ne5 c5 8. Qd2 Bf5 9. g4 cxd4 10. exd4 Be6 11. h4 Ne4 12. Nxe4 dxe4 13. Bh6 Bxh6 14. Qxh6 Qxd4 15. h5 Qxe5 16. hxg6 Qg7 17. gxh7+ Kh8 18. Qf4 Qxb2 19. Rd1 f5 20. gxf5 Qf6 21. Bg4 Nc6 22. Rh6 Qc3+ 23. Kf1 Bc4+ 24. Kg2 Qe5 25. Qg5 e6 26. Rg6 exf5 27. Rg8+ Rxg8 28. hxg8=Q+ Bxg8 29. Rh1+ Bh7 30. Bxf5 Qg7 31. Rxh7+ Qxh7 32. Bxh7 Kxh7 33. Qf5+ Kh6 34. Qf6+ Kh5 35. Qf7+ Kh4 36. Qh7+ Kg4 37. Qxb7 Rg8 38. Qxc6 Kf4+ 39. Kf1 Rg5 40. Qxa6 e3 41. Qc4+ Kf3 42. Qe2+ Kf4 43. Qxe3+ Kg4 44. Qxg5+ Kxg5 45. a4 Kf4 46. a5 Ke5 47. f4+ Kd6 48. f5 Kc6 49. f6 Kd6 50. a6 Kc7 51. f7 Kd7 52. f8=Q Kc7 53. a7 Kb6 54. Qd6+ Kb5 55. Qc7 Kb4 56. a8=R Kb5 57. Rb8+ Ka6 58. Qb6# 1-0

[Event "Aurora Spring op U2000"]
[Site "Aurora CAN"]
[Date "2017.04.01"]
[Round "2.3"]
[White "Ruan, Colin"]
[Black "Jiang, Brian"]
[Result "0-1"]
[WhiteElo "1532"]
[BlackElo "1744"]
[WhiteFideId "-1"]
[WhiteFideId "-1"]
[PlyCount "74"]
[GameId "2160767908477808"]
[EventDate "2017.04.01"]
[EventType "swiss"]
[EventRounds "5"]
[EventCountry "CAN"]
[SourceTitle "EXT 2022"]
[Source "ChessBase"]
[SourceDate "2021.10.06"]
[SourceVersion "1"]
[SourceVersionDate "2021.10.06"]
[SourceQuality "1"]

1. e4 c5 2. Nc3 Nc6 3. f4 g6 4. Bb5 Nd4 5. Nf3 Nxb5 6. Nxb5 Bg7 7. d3 d6 8. Nc3 e6 9. O-O Ne7 10. Qe1 O-O 11. Qh4 Nc6 12. Qf2 a6 13. Kh1 b5 14. a3 b4 15. axb4 cxb4 16. Na4 Rb8 17. c3 Qc7 18. Be3 a5 19. Rfd1 Ba6 20. g4 f5 21. Ng5 Qe7 22. Qh4 h6 23. gxf5 hxg5 24. fxg5 exf5 25. Nb6 Ne5 26. Nd5 Qf7 27. Bd4 Nf3 28. Qf4 Nxd4 29. cxd4 fxe4 30. Qxd6 Bxd3 31. Re1 Qf3+ 32. Kg1 Qg4+ 33. Kh1 e3 34. Ne7+ Kh7 35. Rxe3 Be4+ 36. Rxe4 Qxe4+ 37. Kg1 Qxd4+ 0-1

[Event "Aurora Spring op U2000"]
[Site "Aurora CAN"]
[Date "2017.04.01"]
[Round "2.4"]
[White "Shah, Omar"]
[Black "Rusonik, Max"]
[Result "1-0"]
[WhiteElo "1803"]
[BlackElo "1718"]
[WhiteFideId "-1"]
[WhiteFideId "-1"]
[PlyCount "53"]
[GameId "2160767908477809"]
[EventDate "2017.04.01"]
[EventType "swiss"]
[EventRounds "5"]
[EventCountry "CAN"]
[SourceTitle "EXT 2022"]
[Source "ChessBase"]
[SourceDate "2021.10.06"]
[SourceVersion "1"]
[SourceVersionDate "2021.10.06"]
[SourceQuality "1"]

1. e4 e5 2. Nf3 Nc6 3. d4 exd4 4. Nxd4 Nf6 5. Nxc6 bxc6 6. e5 Qe7 7. Qe2 Nd5 8. c4 Ba6 9. f4 g6 10. Qf2 Nb6 11. b3 Bg7 12. Be2 d6 13. Ba3 Qe6 14. Bf3 dxe5 15. O-O e4 16. Re1 f5 17. Bb2 Bxb2 18. Qxb2 O-O 19. Nd2 Qf6 20. Qa3 exf3 21. Nxf3 Nd7 22. Qxa6 Rae8 23. Qxa7 Qd6 24. Red1 Qe6 25. Ng5 Qe2 26. Rxd7 Qb2 27. Qd4 1-0

[Event "Aurora Spring op U2000"]
[Site "Aurora CAN"]
[Date "2017.04.01"]
[Round "2.6"]
[White "Garel, Rick"]
[Black "Zhao, Jeffrey Renfei"]
[Result "1-0"]
[WhiteElo "1699"]
[BlackElo "1367"]
[WhiteFideId "-1"]
[WhiteFideId "-1"]
[PlyCount "43"]
[GameId "2160767908477811"]
[EventDate "2017.04.01"]
[EventType "swiss"]
[EventRounds "5"]
[EventCountry "CAN"]
[SourceTitle "EXT 2022"]
[Source "ChessBase"]
[SourceDate "2021.10.06"]
[SourceVersion "1"]
[SourceVersionDate "2021.10.06"]
[SourceQuality "1"]

1. e4 e5 2. Nf3 Nc6 3. c3 Nf6 4. d4 exd4 5. e5 Qe7 6. cxd4 d6 7. Bb5 Bd7 8. O-O Nd5 9. Qb3 Nb6 10. Nc3 O-O-O 11. Bg5 f6 12. exf6 gxf6 13. Rfe1 Qg7 14. Bxc6 Bxc6 15. Qe6+ Nd7 16. d5 Bxd5 17. Qxd5 fxg5 18. Qa5 Kb8 19. Nb5 Nb6 20. Qxa7+ Kc8 21. Rac1 c6 22. Qxb6 1-0

[Event "Aurora Spring op U2000"]
[Site "Aurora CAN"]
[Date "2017.04.01"]
[Round "2.7"]
[White "Zhao, Jeffrey Renfei"]
[Black "Kilroy, Evan"]
[Result "1/2-1/2"]
[WhiteElo "1180"]
[BlackElo "1612"]
[WhiteFideId "-1"]
[WhiteFideId "-1"]
[PlyCount "49"]
[GameId "2160767908477812"]
[EventDate "2017.04.01"]
[EventType "swiss"]
[EventRounds "5"]
[EventCountry "CAN"]
[SourceTitle "EXT 2022"]
[Source "ChessBase"]
[SourceDate "2021.10.06"]
[SourceVersion "1"]
[SourceVersionDate "2021.10.06"]
[SourceQuality "1"]

1. e4 e5 2. Nf3 Nc6 3. Bb5 a6 4. Ba4 Nf6 5. O-O Bc5 6. Re1 b5 7. Bb3 O-O 8. c3 d6 9. h3 Be6 10. Bc2 d5 11. exd5 Qxd5 12. d3 Bf5 13. Be3 Rad8 14. Bxc5 Qxc5 15. Nh4 Bxd3 16. Bxd3 e4 17. Nd2 Rxd3 18. Qe2 Qd5 19. Nxe4 Nxe4 20. Qxe4 Qxe4 21. Rxe4 Rd2 22. Rb1 Rfd8 23. Nf3 R2d5 24. Rbe1 Rf8 25. a4 1/2-1/2

[Event "Aurora Spring op U2000"]
[Site "Aurora CAN"]
[Date "2017.04.01"]
[Round "3.1"]
[White "Osler, Brian"]
[Black "Robertson, Kole"]
[Result "1-0"]
[WhiteElo "1562"]
[BlackElo "1642"]
[WhiteFideId "-1"]
[WhiteFideId "-1"]
[PlyCount "111"]
[GameId "2160767908477814"]
[EventDate "2017.04.01"]
[EventType "swiss"]
[EventRounds "5"]
[EventCountry "CAN"]
[SourceTitle "EXT 2022"]
[Source "ChessBase"]
[SourceDate "2021.10.06"]
[SourceVersion "1"]
[SourceVersionDate "2021.10.06"]
[SourceQuality "1"]

1. e4 e6 2. d4 d5 3. Nd2 Nf6 4. e5 Nfd7 5. Bd3 c5 6. c3 Nc6 7. Ne2 cxd4 8. cxd4 f6 9. Nf4 Nxd4 10. Qh5+ Ke7 11. Ng6+ hxg6 12. exf6+ Nxf6 13. Qxh8 Kf7 14. Qh4 e5 15. O-O e4 16. Bb1 Bd6 17. Nb3 Ne2+ 18. Kh1 Nxc1 19. Rxc1 g5 20. Qxg5 Qh8 21. h4 Bd7 22. g3 Bg4 23. Nd4 Qb8 24. Nf5 Bxf5 25. Qxf5 Bxg3 26. fxg3 Qxg3 27. Qg5 Ng4 28. Qxd5+ Kf6 29. Rf1+ Nf2+ 30. Rxf2+ Qxf2 31. Bxe4 Qxh4+ 32. Kg1 Qg3+ 33. Bg2 Qe3+ 34. Kf1 Qb6 35. Qf3+ Kg6 36. Qg3+ Kf7 37. Qf2+ Qxf2+ 38. Kxf2 Rc8 39. Re1 Rc2+ 40. Re2 Rxe2+ 41. Kxe2 b6 42. a4 Ke7 43. Kd3 Kd6 44. Kc4 a6 45. Bb7 Kc7 46. Bxa6 g5 47. Kd3 g4 48. Ke4 Kd6 49. b4 g3 50. Kf3 Kd5 51. Kxg3 Kd4 52. Kf4 Kc3 53. b5 Kb4 54. Ke5 Kxa4 55. Kd5 Kb4 56. Kc6 1-0

[Event "Aurora Spring op U2000"]
[Site "Aurora CAN"]
[Date "2017.04.01"]
[Round "3.2"]
[White "Jiang, Brian"]
[Black "Shah, Omar"]
[Result "0-1"]
[WhiteElo "1744"]
[BlackElo "1803"]
[WhiteFideId "-1"]
[WhiteFideId "-1"]
[PlyCount "130"]
[GameId "2160767908477815"]
[EventDate "2017.04.01"]
[EventType "swiss"]
[EventRounds "5"]
[EventCountry "CAN"]
[SourceTitle "EXT 2022"]
[Source "ChessBase"]
[SourceDate "2021.10.06"]
[SourceVersion "1"]
[SourceVersionDate "2021.10.06"]
[SourceQuality "1"]

1. d4 Nf6 2. c4 e6 3. Nc3 Bb4 4. Qc2 c5 5. dxc5 O-O 6. a3 Bxc5 7. Nf3 Ng4 8. Ne4 Be7 9. Bf4 f5 10. Nc3 Nc6 11. h3 Nf6 12. Rd1 Nh5 13. Bc1 f4 14. e3 fxe3 15. Bxe3 Nf4 16. Qd2 Qc7 17. Ne2 Ng6 18. Ng3 Nh4 19. Nxh4 Bxh4 20. Ne4 Qe5 21. Qc2 d5 22. g3 Be7 23. cxd5 exd5 24. Rxd5 Qxd5 25. Bc4 Be6 26. Bxd5 Bxd5 27. O-O Ne5 28. Rd1 Rac8 29. Qxc8 Rxc8 30. Rxd5 Nc6 31. Rd7 b6 32. b4 Kf8 33. b5 Na5 34. Rxa7 Nc4 35. a4 Nxe3 36. fxe3 Rc4 37. Nd2 Rc2 38. Nf3 Re2 39. Ne5 Rxe3 40. Ra8+ Bd8 41. Rxd8+ Ke7 42. Ng4 Rxg3+ 43. Kf2 Rxg4 44. Ra8 Rd4 45. Rb8 Rd6 46. Rb7+ Kf6 47. Rb8 Kg5 48. Rc8 Kf6 49. Rb8 h6 50. Rf8+ Ke7 51. Rb8 Ke6 52. Rb7 g6 53. Ke3 Kd5 54. Rc7 Ke5 55. Rc8 g5 56. Rc6 Rxc6 57. bxc6 Kd6 58. Ke4 h5 59. Kf5 g4 60. hxg4 hxg4 61. Kxg4 Kxc6 62. Kf3 Kc5 63. Ke3 Kb4 64. Kd3 Kxa4 65. Kc3 b5 0-1

[Event "Aurora Spring op U2000"]
[Site "Aurora CAN"]
[Date "2017.04.01"]
[Round "3.4"]
[White "Ning, Eric"]
[Black "Garel, Rick"]
[Result "1-0"]
[WhiteElo "1591"]
[BlackElo "1699"]
[WhiteFideId "-1"]
[WhiteFideId "-1"]
[PlyCount "75"]
[GameId "2160767908477817"]
[EventDate "2017.04.01"]
[EventType "swiss"]
[EventRounds "5"]
[EventCountry "CAN"]
[SourceTitle "EXT 2022"]
[Source "ChessBase"]
[SourceDate "2021.10.06"]
[SourceVersion "1"]
[SourceVersionDate "2021.10.06"]
[SourceQuality "1"]

1. d4 Nf6 2. c4 e5 3. dxe5 Ng4 4. Nf3 Nc6 5. Bf4 Bb4+ 6. Nbd2 Qe7 7. a3 Bxd2+ 8. Qxd2 Ngxe5 9. Nxe5 Nxe5 10. e3 d6 11. Be2 Be6 12. c5 f6 13. Qb4 dxc5 14. Qxb7 O-O 15. Qe4 Rab8 16. Qc2 Rb3 17. O-O Rfb8 18. Rab1 Ng6 19. Bg3 Bd5 20. Bd3 Nf8 21. Rfd1 Bf7 22. e4 R3b6 23. b4 cxb4 24. Qxc7 R8b7 25. Qxe7 Rxe7 26. Rxb4 Rc6 27. Bb5 Rc3 28. a4 g6 29. h3 Kg7 30. Rd3 Rc1+ 31. Kh2 a5 32. Rbd4 Ne6 33. Rd7 Rxd7 34. Rxd7 Nc5 35. Ra7 Nxe4 36. Be8 Ng5 37. h4 Rc8 38. Bd7 1-0

[Event "Aurora Spring op U2000"]
[Site "Aurora CAN"]
[Date "2017.04.01"]
[Round "3.5"]
[White "Kilroy, Evan"]
[Black "Ruan, Colin"]
[Result "1-0"]
[WhiteElo "1612"]
[BlackElo "1532"]
[WhiteFideId "-1"]
[WhiteFideId "-1"]
[PlyCount "71"]
[GameId "2160767908477818"]
[EventDate "2017.04.01"]
[EventType "swiss"]
[EventRounds "5"]
[EventCountry "CAN"]
[SourceTitle "EXT 2022"]
[Source "ChessBase"]
[SourceDate "2021.10.06"]
[SourceVersion "1"]
[SourceVersionDate "2021.10.06"]
[SourceQuality "1"]

1. e4 c5 2. Nf3 Nc6 3. d4 cxd4 4. Nxd4 e5 5. Nxc6 bxc6 6. Bc4 Nf6 7. Nc3 Bb4 8. Bg5 h6 9. Bxf6 Qxf6 10. O-O Qg6 11. Qd3 Bb7 12. f4 exf4 13. Rxf4 d5 14. exd5 Qxd3 15. cxd3 Bxc3 16. dxc6 Bxb2 17. Re1+ Kd8 18. cxb7 Rb8 19. Rxf7 Re8 20. Rxe8+ Kxe8 21. Kf2 Be5 22. Ke3 Rd8 23. Ke4 Bxh2 24. Rxg7 Kf8 25. Rf7+ Ke8 26. Rh7 Rb8 27. Rxh6 Bc7 28. Rh8+ Kd7 29. Rxb8 Bxb8 30. g4 Bd6 31. g5 Kc7 32. g6 Bf8 33. Bd5 Bg7 34. Kf5 a5 35. Ke6 a4 36. Kf7 1-0

[Event "Aurora Spring op U2000"]
[Site "Aurora CAN"]
[Date "2017.04.01"]
[Round "3.6"]
[White "Zhao, Jeffrey Renfei"]
[Black "Zhao, Jeffrey Renfei"]
[Result "1-0"]
[WhiteElo "1367"]
[BlackElo "1180"]
[WhiteFideId "-1"]
[WhiteFideId "-1"]
[PlyCount "59"]
[GameId "2160767908477819"]
[EventDate "2017.04.01"]
[EventType "swiss"]
[EventRounds "5"]
[EventCountry "CAN"]
[SourceTitle "EXT 2022"]
[Source "ChessBase"]
[SourceDate "2021.10.06"]
[SourceVersion "1"]
[SourceVersionDate "2021.10.06"]
[SourceQuality "1"]

1. e4 c5 2. Nf3 d6 3. d4 cxd4 4. Nxd4 Nf6 5. Nc3 a6 6. Be3 e5 7. Nb3 Be6 8. Be2 Be7 9. O-O Nbd7 10. Qd2 b5 11. Rad1 b4 12. Nd5 Nxe4 13. Qd3 Bxd5 14. Qxd5 Nef6 15. Qd3 O-O 16. f4 e4 17. Qd4 a5 18. Bc4 Qc7 19. Nd2 Rfc8 20. b3 Qc6 21. Nb1 Ng4 22. Bd5 Bf6 23. Qd2 Qxc2 24. Bxa8 Qxd2 25. Rxd2 Nxe3 26. Re1 Ng4 27. Bxe4 Nc5 28. Bf5 Rd8 29. Bxg4 d5 30. Rxd5 1-0

[Event "Aurora Spring op U2000"]
[Site "Aurora CAN"]
[Date "2017.04.02"]
[Round "4.1"]
[White "Shah, Omar"]
[Black "Osler, Brian"]
[Result "1-0"]
[WhiteElo "1803"]
[BlackElo "1562"]
[WhiteFideId "-1"]
[WhiteFideId "-1"]
[PlyCount "147"]
[GameId "2160767908477820"]
[EventDate "2017.04.01"]
[EventType "swiss"]
[EventRounds "5"]
[EventCountry "CAN"]
[SourceTitle "EXT 2022"]
[Source "ChessBase"]
[SourceDate "2021.10.06"]
[SourceVersion "1"]
[SourceVersionDate "2021.10.06"]
[SourceQuality "1"]

1. e4 e6 2. d4 d5 3. exd5 exd5 4. Bd3 Bd6 5. Ne2 Ne7 6. Bg5 c6 7. c4 dxc4 8. Bxc4 Qa5+ 9. Bd2 Qh5 10. Nbc3 Bf5 11. f3 Qg6 12. Kf2 Nd7 13. Bf4 Nb6 14. Bb3 O-O 15. g4 Bd7 16. Ne4 Bxf4 17. Nxf4 Qh6 18. Kg3 Ng6 19. Ng2 Nd5 20. Nc5 Bc8 21. Bxd5 cxd5 22. h4 Ne7 23. Qc1 Qd6+ 24. Qf4 Qxf4+ 25. Nxf4 b6 26. Na4 Bb7 27. Rhe1 Rfe8 28. Nc3 Bc6 29. Re3 Nf5+ 30. gxf5 Rxe3 31. f6 g6 32. Ncxd5 Bxd5 33. Nxd5 Ree8 34. Nc7 Kf8 35. Nxa8 Rxa8 36. Rc1 Ke8 37. Rc7 Rd8 38. Re7+ Kf8 39. Rxa7 Ke8 40. Re7+ Kf8 41. Rb7 Ke8 42. Re7+ Kf8 43. Re4 Rd5 44. a4 Rf5 45. Rf4 Rd5 46. b4 Ke8 47. Kf2 h5 48. Re4+ Kd7 49. Re7+ Kd6 50. Ke3 Rf5 51. Rxf7 Kd5 52. Rc7 Rxf6 53. Rc8 Rf7 54. a5 bxa5 55. Rc5+ Kd6 56. Rxa5 Re7+ 57. Kf4 Rf7+ 58. Ke4 Rb7 59. Rd5+ Ke6 60. b5 Rb6 61. Rc5 Ke7 62. Rg5 Kf7 63. f4 Re6+ 64. Re5 Rb6 65. f5 gxf5+ 66. Rxf5+ Kg6 67. Rg5+ Kh6 68. Rc5 Re6+ 69. Kf5 Re1 70. Rc6+ Kg7 71. b6 Rf1+ 72. Kg5 Rd1 73. b7 Rxd4 74. b8=Q 1-0

[Event "Aurora Spring op U2000"]
[Site "Aurora CAN"]
[Date "2017.04.02"]
[Round "4.2"]
[White "Robertson, Kole"]
[Black "Jiang, Brian"]
[Result "1-0"]
[WhiteElo "1642"]
[BlackElo "1744"]
[WhiteFideId "-1"]
[WhiteFideId "-1"]
[PlyCount "74"]
[GameId "2160767908477821"]
[EventDate "2017.04.01"]
[EventType "swiss"]
[EventRounds "5"]
[EventCountry "CAN"]
[SourceTitle "EXT 2022"]
[Source "ChessBase"]
[SourceDate "2021.10.06"]
[SourceVersion "1"]
[SourceVersionDate "2021.10.06"]
[SourceQuality "1"]

1. d4 Nf6 2. Nf3 e6 3. e3 c5 4. Bd3 Nc6 5. O-O d5 6. b3 Bd6 7. Bb2 O-O 8. Nbd2 Qe7 9. Ne5 Bxe5 10. dxe5 Nd7 11. f4 f5 12. c4 Nb6 13. Be2 Rd8 14. Qc1 d4 15. exd4 cxd4 16. Ba3 Nb4 17. Rd1 Qc5 18. Bxb4 Qxb4 19. Nf3 Bd7 20. Nxd4 Rac8 21. Qe3 Qe7 22. Bf3 Be8 23. Nc2 Bc6 24. Bxc6 bxc6 25. Qf3 c5 26. Rxd8+ Rxd8 27. Rd1 Rd7 28. Ne1 Qd8 29. Rxd7 Qxd7 30. Qd3 Qc6 31. Qd6 Qxd6 32. exd6 g5 33. g3 Nd7 34. Nd3 Kf7 35. b4 cxb4 36. c5 a5 37. c6 Nb6 1-0